Rethinking Consumer Protection Escaping Death by Regulation

Gespeichert in:
Bibliographische Detailangaben
1. Verfasser: Tacker, Thomas
Format: Buch
Sprache:Englisch
Veröffentlicht: Lanham Lexington Books 2019
Schlagworte:
Tags: Tag hinzufügen
Keine Tags, Fügen Sie das erste Tag hinzu!

MARC

LEADER 00000nam a2200000 4500
001 0279798
005 20240416113823.4
020 |a 978-1-4985-7741-0 
041 0 |a eng 
044 |a US 
245 1 0 |a Rethinking Consumer Protection  |b Escaping Death by Regulation  |c Thomas Tacker 
264 1 |a Lanham  |b Lexington Books  |c 2019 
300 |a 181 s. 
610 2 0 |a ochrana spotrebiteľa 
610 2 0 |a ochrana zdravia 
610 2 0 |a medicína 
610 2 0 |a bezpečnosť 
610 2 0 |a úmrtnosť 
610 2 0 |a blahobyt 
610 2 0 |a regulácia 
610 2 0 |a štúdie prípadové 
100 1 |a Tacker, Thomas